000 01005nam a2200277Ia 4500
003 OSt
005 20221005105557.0
006 a|||||r|||| 00| 0
007 ta
008 221004b |||||||| |||| 00| 0 hin d
020 _a9788183616294 (hbk)
_cIndian Rupees 300
024 _a70003
037 _bGift, 11/11/2021,
_cTextual
040 _aCRL
_cCRL
_bhin
041 _2hin
_ahin
082 _aO152,1x, Q4
100 _aनीलम सिंह, ले.
245 0 _aधूमिल की कविता में विरोध और संघर्ष
246 _aDhūmil kī kavitā mean virodh aur sangharṣha
260 _aनई दिल्ली
_bराधाकृष्ण भारत
_c2014
300 _a119पृ0
_ccm.
650 _a हिन्दी साहित्य
650 _aहिन्दी कविता
942 _hO152,1x, Q4
_cTEXL
_2cc
999 _c1016229
_d1016229